00330nam a2200121Ia 450000500170000000800410001708200170005810000270007524500390010226000420014130000110018365000140019420240821155537.0240821s9999||||xx |||||||||||||| ||und|| a928.9143 UPA aUpadhyaya, Ram Narayan 0aJinki chhaya bhi sukhkar hai (HIN) aNai DelhibPratibha Pratishthanc1985 a204 p. aBiography